Objective IELTS : (Record no. 63972)
[ view plain ]
| 000 -LEADER | |
|---|---|
| fixed length control field | 01037nam a22002297a 4500 |
| 005 - DATE AND TIME OF LATEST TRANSACTION | |
| control field | 20120309123426.0 |
| 010 ## - LCCN (DPL NO) | |
| LC control number | B-456390 |
| 020 ## - INTERNATIONAL STANDARD BOOK NUMBER | |
| International Standard Book Number | 9780521700542 |
| Terms of availability | 395.00 |
| 020 ## - INTERNATIONAL STANDARD BOOK NUMBER | |
| International Standard Book Number | 052170054X |
| Terms of availability | 395.00 |
| 035 ## - SYSTEM CONTROL NUMBER | |
| System control number | B-456390 |
| 037 ## - SOURCE OF ACQUISITION | |
| Source of stock number/acquisition | Allied |
| 082 ## - DEWEY DECIMAL CLASSIFICATION NUMBER | |
| Classification number | 488.24076 |
| 100 ## - MAIN ENTRY--PERSONAL NAME | |
| Personal name | Black, Michael |
| 245 ## - TITLE STATEMENT | |
| Title | Objective IELTS : |
| Statement of responsibility, etc | by Michael Black and Annette Capel |
| Remainder of title | advanced self-study student's book / |
| 260 ## - PUBLICATION, DISTRIBUTION, ETC. (IMPRINT) | |
| Place of publication, distribution, etc | New Delhi |
| Name of publisher, distributor, etc | Cambridge University Press |
| Date of publication, distribution, etc | 2006 |
| 270 ## - ADDRESS | |
| Address | Cambridge House,4381/4,Ansari Road,Daryaganj, |
| City | New Delhi |
| Postal code | 110002 |
| 300 ## - PHYSICAL DESCRIPTION | |
| Extent | 208p |
| Dimensions | 28cm(pbk) |
| Other physical details | ill |
| Accompanying material | +CD-ROM |
| 700 ## - ADDED ENTRY--PERSONAL NAME | |
| Personal name | Capel,Annette |
| 9 (RLIN) | 43703 |
| 942 ## - ADDED ENTRY ELEMENTS (KOHA) | |
| Source of classification or shelving scheme | Dewey Decimal Classification |
| Item type | English Books |
| Call number suffix | BLA |
| Classification part | 488.24076 |
| Withdrawn status | Lost status | Not for loan | Collection code | Home library | Current library | Date acquired | Source of acquisition | Cost, normal purchase price | Full call number | Barcode | Copy number | Cost, replacement price | Koha item type |
|---|---|---|---|---|---|---|---|---|---|---|---|---|---|
| Not For Loan | Non-fiction | Central Library | Central Library | 28/03/2012 | Allied Pub/1498/12.12.2011/Spl.P.Order/12.12.2011/03.02.2012 | 395.00 | 488.24076 BLA | B-456390 | 1 | 395.00 | English Books |
